00961nam a2200253 a 450000100060000000300080000600500170001400800410003103500190007204000270009104100110011808200290012910000290015824500900018726000320027730000210030949000720033049000750040249000220047765000320049994200120053199900170054395201470056073265BD-RjUL20211209082353.0170529s1956 nyu 001 0 eng  a(BD-RjUL)73483 aDLCcMnUdBD-RjULbeng1 aruseng a553.210947223bKAS 19561 aKazakov, George,921672114aThe Soviet peat industry /cTranslated by George Adashko. Edited by W. Donald Bowles. aNew York :bPraeger,cc1956 a245 p. ;c22 cm.0 aResearch monographs of the Research Program on the U.S.S.R.,vno. 10 aPraeger's publications on Russian history and world communism, no. 430 aBooks that matter 0aPeatzSoviet Union.9216722 2ddccBK c73265d73265 00102ddc40718NFICaRUCLbRUCLcReadingd1958-02-22eMohammad Bossg24.60l0o553.210947 KAS 1956r2017-05-29 00:00:00tC-1w2017-05-29yBK